F.R.I.E.N.D.S - Statistics

General Stats
  • This quiz has been taken 410 times
    383 since last reset
  • The average score is 12 of 17
Answer Stats
Questions Answer % Correct
Who said the last line? Chandler
99%
Who said the first line? Monica
98%
Who was the only FRIEND not to live with Monica? Joey
92%
Which one of the FRIENDS hung out with ugly naked guy? Ross
92%
What was the name of Ross's monkey? Marcel
89%
Name of Carol's girlfirend? Susan
89%
What does Phoebe find in a soda can? A thumb
85%
Who moved to Minsk? David
84%
What character does Tom Selelck portray? Richard
81%
What car did Joey pretend to have? Porsche
70%
Who sang the theme song? The Rembrandts
66%
How did Dr Drake Ramoray die? Fell down an elevator shaft
61%
Which of Phoebe's boyfriends shot a pigeon? Gary
61%
What happened to Joey when Phoebe was in labour? Passed kidney stones
58%
Who guest starred because they lost a bet with Matthew Perry? Bruce Willis
35%
What did Rachel and Monica do to win back the apartment? Kissed
34%
What did Chandler hire Monica to be? Personal trainer
26%
No matching quizzes found
Score Distribution
Percent of People with Each Score
Percentile by Number Answered
Your Score History
You have not taken this quiz since the last reset